|
|
|
|
| LEADER |
00915nam a22001811a 4500 |
| 020 |
|
|
|a 9788120802179
|
| 082 |
|
|
|a 181.45
|b SUR/Y
|
| 100 |
|
|
|a Surendranath Dasgupta
|9 96760
|
| 245 |
|
|
|a Yoga as philosophy and religion/
|c by Surendranath Dasgupta.
|
| 260 |
|
|
|a New Delhi:
|b Motilal Banarsidass,
|c 1998.
|
| 300 |
|
|
|a 200p.
|
| 650 |
|
|
|a Philosophy Yoga
|9 96761
|
| 650 |
|
|
|a Philosophy
|z India
|9 96762
|
| 942 |
|
|
|c BK
|
| 999 |
|
|
|c 51706
|d 51706
|
| 952 |
|
|
|0 0
|1 0
|4 0
|6 181_450000000000000_SUR_Y
|7 0
|9 75234
|a SSUS
|b SSUS
|c STACKS
|d 2015-01-08
|g 195.00
|l 1
|o 181.45 SUR/Y
|p 022175
|r 2017-05-03
|s 2017-02-03
|v 0.00
|w 2015-01-08
|y BK
|
| 952 |
|
|
|0 0
|1 0
|4 0
|6 181_450000000000000_SUR_Y
|7 0
|9 75235
|a SSUS
|b SSUS
|c STACKS
|d 2015-01-08
|g 195.00
|o 181.45 SUR/Y
|p 016660
|r 2016-07-22
|v 0.00
|w 2015-01-08
|y BK
|
| 952 |
|
|
|0 0
|1 0
|4 0
|6 181_450000000000000_SUR_Y
|7 0
|9 75236
|a SSUS
|b SSUS
|c STACKS
|d 2015-01-08
|g 195.00
|l 2
|o 181.45 SUR/Y
|p 004531
|r 2017-10-04
|s 2017-09-20
|v 0.00
|w 2015-01-08
|y BK
|